BIBLIOTECA PODER JUDICIAL
Portal Judicial TDF

Discapacidad y acceso a la justicia / (Registro nro. 6391)

000 -LEADER
fixed length control field 01167nab a22002417a 4500
003 - CONTROL NUMBER IDENTIFIER
control field OSt
005 - DATE AND TIME OF LATEST TRANSACTION
control field 20260201172221.0
008 - FIXED-LENGTH DATA ELEMENTS--GENERAL INFORMATION
fixed length control field 190506c xxu||||| |||| 00| 0 spa d
040 ## - CATALOGING SOURCE
Transcribing agency PJ
100 ## - MAIN ENTRY--PERSONAL NAME
9 (RLIN) 6442
Personal name Ortega, Inés
245 10 - TITLE STATEMENT
Title Discapacidad y acceso a la justicia /
Statement of responsibility, etc Inés Ortega.
260 ## - PUBLICATION, DISTRIBUTION, ETC. (IMPRINT)
Place of publication, distribution, etc Buenos Aires :
Name of publisher, distributor, etc AbeledoPerrot,
Date of publication, distribution, etc 2023.
300 ## - PHYSICAL DESCRIPTION
Extent p. 3-9
500 ## - GENERAL NOTE
General note Cita: TR LALEY AR/DOC/2031/2023
505 ## - FORMATTED CONTENTS NOTE
Formatted contents note Sumario: I. Introducción.— II. Normativa internacional y nacional en materia de discapacidad.— III. Acceso a la justicia para personas con discapacidad (PcD).— IV. Lo que aún falta... Fallo "Barraza, Víctor Javier y otro c. Estado nacional y otro s/ ley 16.986" (expte. 10420/2020).— V. Conclusiones.
505 ## - FORMATTED CONTENTS NOTE
Title ¿Te interesa el texto completo? Comunicate al correo: koha@justierradelfuego.gov.ar
650 #0 - SUBJECT ADDED ENTRY--TOPICAL TERM
9 (RLIN) 1316
Topical term or geographic name as entry element DERECHO LABORAL
650 #0 - SUBJECT ADDED ENTRY--TOPICAL TERM
9 (RLIN) 3271
Topical term or geographic name as entry element PERSONAS CON DISCAPACIDAD
650 #0 - SUBJECT ADDED ENTRY--TOPICAL TERM
9 (RLIN) 179
Topical term or geographic name as entry element GARANTIAS CONSTITUCIONALES ›
650 #0 - SUBJECT ADDED ENTRY--TOPICAL TERM
9 (RLIN) 217
Topical term or geographic name as entry element PODER JUDICIAL
773 0# - HOST ITEM ENTRY
Host Biblionumber 2751
Host Itemnumber 3202
Place, publisher, and date of publication Buenos Aires : AbeledoPerrot, 2013-
Title Revista de derecho laboral y seguridad social. Nº 19 - Octubre 2023
942 ## - ADDED ENTRY ELEMENTS (KOHA)
Source of classification or shelving scheme
Koha item type Analítica Artículo de Revista

No hay ítems disponibles.

12 de Octubre 789 Ushuaia - Tel:  54(02901)441571
Horario de Atención: 8.00 a 17.00 hs. 
bibliotecaush@justierradelfuego.gov.ar
koha@justierradelfuego.gov.ar
Seguinos en nuestras redes @bibliojustdf 

Con tecnología Koha